000 00630nam a2200277Ia 4500
005 20260324134702.0
008 008 260324s9999 xx 000 0 eng d
020 _a9781351313520
037 _aEBOOK
040 _aCRL
040 _beng
040 _cCRL
041 _2eng
041 _aeng
084 _qCRL
100 _aRobert Brady
_91197759
245 0 _aBusiness as a System of Power
260 _bTaylor and Francis
260 _c2001
365 _a
365 _b230
856 _uhttp://www.taylorfrancis.com/books/9781351313520
942 _cEBOOK
999 _c1798094
_d1798094